| 000 | 00502nam a22002057a 4500 | ||
|---|---|---|---|
| 003 | OSt | ||
| 005 | 20260602140517.0 | ||
| 008 | 260602b |||||||| |||| 00| 0 eng d | ||
| 020 | _a978-93-5029-817-6 | ||
| 040 | _cSBCL | ||
| 082 |
_a823 _bSAR-V |
||
| 100 | _aSara,Joseph | ||
| 245 | _aThe Vigil | ||
| 260 |
_aHaryana _bHarpercollins _c2014 |
||
| 300 | _a262p. | ||
| 630 | _xLiterature & rhetoric | ||
| 650 | _aEnglish & Old English literatures | ||
| 650 | _aEnglish fiction | ||
| 942 | _cBOOK | ||
| 999 |
_c138338 _d138338 |
||